00516nam a22001572 4500001001100000005001700011008004100028040001500069100002800084245014200112250001300254260003200267300001600299650004000315852000300355000000975320151217155843.0081126s xx 000 0 eng d aKABUcKABU1 aCory, Hans.@000015096014aThe Ntemi :bthe traditional rites in connection with the burial, election, enthronement and magic powers of a Sukuma chief /cHans Cory. a1st ed. aLondon :bMacmillan,c1951. axii, 83 p. 0aSukuma (African people)@00001615151